Statistics for Top 10 Nintendo Wii Games

Click here to take the quiz!

General Stats

  • This quiz has been taken 35 times
  • The average score is 4 of 10

Answer Stats

YearGameScore% Correct
2007Super Mario Galaxy98
93%
2010Super Mario Galaxy 297
93%
2006The Legend of Zelda: Twilight Princess96
64%
2008Super Smash Bros. Brawl96
50%
2011The Legend of Zelda: Skyward Sword96
46%
2012Xenoblade Chronicles95
14%
2008World of Goo96
0%
2008Rock Band 295
0%
2011Rayman Origins94
0%
2010Rock Band 394
0%

Score Distribution

Percentile by Number Answered

Percent of People with Each Score

Your Score History

You have not taken this quiz